Movies Generator Puzzle #5 - Statistics

General Stats
  • This quiz has been taken 2,905 times
  • The average score is 12 of 21
Answer Stats
Hint Answer % Correct
The ___ and the Furious Fast
100%
Whitaker, not Gump Forest
86%
One funeral. ____ weddings. Four
86%
All Quiet on the Western _____ Front
85%
Hairspray actor Zac Efron
83%
2004 romance, The ___book Note
69%
Scorsese film, Cape ____ Fear
67%
Chef Remy was one Rat
65%
Nell's Jodie Foster
61%
Barrymore flick, Ever _____ After
59%
Hollywood Boulevard feature Star
59%
Actor or actresses' devotee Fan
57%
Director Oliver Stone
53%
1955 film, ____ of Eden East
52%
Affleck film, Forces of _____ Nature
52%
Formers prefix? Trans
47%
Deep Impact's Leoni Téa
39%
Pan or Tumnus, eg. Faun
29%
The River Wild's boat Raft
22%
Star Wars' Beru, eg Aunt
20%
9-Letter Movie NOSFERATU
9%
No matching quizzes found
Score Distribution
Percent of People with Each Score
Percentile by Number Answered
Your Score History
You have not taken this quiz